| 000 | 01317nam a22003378a 4500 | ||
|---|---|---|---|
| 001 | 016162023 | ||
| 003 | OSt | ||
| 005 | 20141001154912.0 | ||
| 008 | 120820s2013 xxk frb 101 0 eng d | ||
| 020 | _a9780415657297 (hbk.) | ||
| 020 | _a0415657296 (hbk.) | ||
| 020 | _a9780415630092 (set) | ||
| 020 | _a0415630096 (set) | ||
| 040 |
_aStDuBDS _beng _cStDuBDS _dEG-ScBUE |
||
| 082 | 0 | 0 |
_a338.8881724 _222 _bMUL |
| 245 | 0 | 0 |
_aMultinational corporations and the Third World / _cedited by C. J. Dixon, D. Drakakis-Smith and H. D. Watts. |
| 260 |
_aOxon, United Kingdom : _aNew York, United States : _bRoutledge, _c2013 _e([Croydon, United Kingdom] : _fCPI Group (UK) Ltd.) |
||
| 300 |
_axii, 200 p. ; _c24 cm. |
||
| 490 | 1 |
_aRoutledge library editions. _aInternational business |
|
| 500 | _aIncludes indexes. | ||
| 504 | _aIncludes bibliographical references. | ||
| 590 | _aLibrary contain : vol. 2. | ||
| 650 | 0 |
_aInternational business enterprises _zDeveloping countries _vCongresses |
|
| 653 |
_bBUSADM _cSeptember2014 |
||
| 655 |
_vreading book _934232 |
||
| 700 | 1 |
_aDixon, C. J. _q(Chris J.) _936140 _eeditor. |
|
| 700 | 1 |
_aDrakakis-Smith, D. W. _936142 _eeditor. |
|
| 700 | 1 |
_aWatts, H. D. _936143 _eeditor. |
|
| 830 |
_aRoutledge library editions. _pInternational business |
||
| 942 |
_2ddc _k338.8881724 MUL |
||
| 999 |
_c18429 _d18401 |
||